000
00254nam a22001217a 4500
003
SGT
082
_a
370
_b
CHH
100
_a
CHHABRA, NIRMAL
245
_a
FAMILY AND COMMUNITY
260
_a
DELHI
_b
RI PUB.
_c
2019
300
_a
314
942
_2
ddc
_c
BK
_0
21
999
_c
17582
_d
17582